00554nam a22001577a 450000500170000001000170001702000280003403700200006208200080008210000210009024500800011126000340019127001170022530000300034250000240037220220808153544.0 aMegha Khanna a978-9385445781c1995.00 bLiterary Circle 22nd aBhatnagar, V..S. aA History of Sawai Jai Singh and his Times (1688-1743 A.D.)/cV.S.Bhatnagar aJaipurbLiterary Circlec2020 aC-13, First Floor Opp Khandelal Girls College SC RoadbJaipure302001k0141-2376922mliterarycirclejpr@yahoo.com aviii,419 p.c24.5 cm (Hb) aBibliography, Index